00311nam a2200121Ia 4500008004100000082001300041100002100054245006000075250000900135260002900144300000800173650000800181191201s2009 xx 000 0 und d a659bCHT aCHOWDHARY, Nimit 0aTextbook of Marketing of Services:The Indian Experience aRep. aN.DelhibMacmillanc2009 a445 aMBA